Leopard--I Dissonan Voices (Record no. 1250513)

MARC details
000 -LEADER
fixed length control field 00495nam a2200193Ia 4500
008 - FIXED-LENGTH DATA ELEMENTS--GENERAL INFORMATION
fixed length control field 151121s9999||||xx |||||||||||||| ||und||
082 ## - DEWEY DECIMAL CLASSIFICATION NUMBER
Classification number 823/Chu
082 ## - DEWEY DECIMAL CLASSIFICATION NUMBER
Item number HNW-69024
100 ## - MAIN ENTRY--PERSONAL NAME
Personal name Chukhontsev Oleg--Ed।
245 ## - TITLE STATEMENT
Title Leopard--I Dissonan Voices
260 ## - PUBLICATION, DISTRIBUTION, ETC. (IMPRINT)
Name of publisher, distributor, etc Harvill
260 ## - PUBLICATION, DISTRIBUTION, ETC. (IMPRINT)
Date of publication, distribution, etc --
300 ## - PHYSICAL DESCRIPTION
Extent 447
600 ## - SUBJECT ADDED ENTRY--PERSONAL NAME
Personal name Chukhontsev Oleg--Ed।
630 ## - SUBJECT ADDED ENTRY--UNIFORM TITLE
Uniform title Leopard--I Dissonan Voices
700 ## - ADDED ENTRY--PERSONAL NAME
Personal name Chukhontsev Oleg--Ed।
730 ## - ADDED ENTRY--UNIFORM TITLE
Uniform title Leopard--I Dissonan Voices
942 ## - ADDED ENTRY ELEMENTS (KOHA)
Koha item type Book
Holdings
Withdrawn status Lost status Damaged status Not for loan Home library Current library Date acquired Cost, normal purchase price Total Checkouts Full call number Barcode Date last seen Cost, replacement price Price effective from Koha item type
        Hirachand Nemchand Wachanalaya, Solapur Hirachand Nemchand Wachanalaya, Solapur 11/21/2015 280.00   HNW-69024 HNW-69024 11/21/2015 280.00 11/21/2015 Book